Test wiedzy o państwach świata – prawda fałsz - Statystyki

Ogólne statystyki
  • Ten quiz został rozwiązany 764 razy
    735 od ostatniego zresetowania
  • Średni wynik to 11 z 20
Statystyki odpowiedzi
Zagadnienie Odpowiedź % Poprawnych
Wszystkie wyspy Danii są położone nad Morzem Bałtyckim. Fałsz
92%
Stolicą Niemiec jest Bonn. Fałsz
92%
Tajwan ma taką samą flagę, jak Samoa. Fałsz
83%
Brazylia graniczy z większością państw w Ameryce Południowej Prawda
83%
Wszystkie niepodległe państwa nordyckie mają na fladze krzyż skandynawski. Prawda
82%
Polska ma więcej sąsiadów, niż statystyczne państwo. Prawda
81%
Najmłodszym państwem na świecie jest Sudan Południowy. Prawda
78%
Papua-Nowa Gwinea jest jedynym krajem w Oceanii, który posiada granicę lądową. Prawda
78%
Portugalia i Wielka Brytania są sąsiadami Chin. Fałsz
77%
Serbia ma najwięcej sąsiadów spośród wszystkich państw bałkańskich. Prawda
77%
Stolicą Kazachstanu jest Astana. Prawda
77%
Stolicą Gwinei jest Bissau. Fałsz
75%
Żaden kraj na świecie nie posiada terytoriów zamorskich nad Oceanem Arktycznym. Fałsz
75%
Kiribati to najbardziej na wschód wysunięty niepodległy kraj w Oceanii (nie uznajemy tutaj południka 180, ani linii zmiany daty za wyznacznik bycia najbardziej na wschód). Prawda
75%
Cypr i Kosowo to jedyne kraje na świecie, które mają kształt swojego terytorium na fladze. Prawda
74%
Wszystkie kraje Ameryki Północnej mają dostęp do morza. Prawda
73%
Istnieje co najmniej jeden kraj, który ma w swojej fladze kolor fioletowy. Prawda
73%
Na fladze Ugandy znajduje się wizerunek ptaka - jest to koronnik szary. Prawda
73%
Boliwia jest jedynym śródlądowym krajem w Ameryce Południowej. Fałsz
72%
Jednym z języków urzędowych Nowej Zelandii jest nowozelandzki język migowy. Prawda
72%
Japonia ma granicę lądową z jednym państwem. Fałsz
71%
Drzewo widoczne na fladze Libanu również nazywa się liban. Fałsz
68%
Chiny i Rosja mają najwięcej sąsiadów spośród wszystkich państw na świecie, w dodatku tyle samo (nie licząc tzw. quasi-państw i zakładając, że Pakistan jest sąsiadem Chin). Prawda
68%
Na fladze Brunei znajduje się co najmniej jeden element nawiązujący do islamu. Prawda
68%
Saint Vincent i Grenadyny mają takie same kolory na fladze, co Gabon. Prawda
67%
Nie istnieje więcej, niż jeden trójstyk tych samych trzech państw. Fałsz
66%
W Oceanii jest więcej terytoriów zależnych, niż samych państw. Prawda
66%
Gwinea Równikowa posiada terytoria zarówno na półkuli północnej, jak i na południowej. Prawda
66%
Flaga Irlandii różni się od włoskiej jedynie kolorem jednego pasa i proporcją. Prawda
66%
Flaga Indonezji i Monako są pod każdym względem identyczne. Fałsz
65%
Stolicą Beninu jest Benin City. Fałsz
65%
W Ameryce Północnej nie ma trójstyków 3 państw. Fałsz
65%
Kosowo graniczy z 4 państwami. Prawda
65%
Około 200 km na wschód od Nikaragui położone są wyspy będące częścią państwa południowoamerykańskiego. Prawda
65%
Wszystkie państwa Kaukazu mają na swoich terytoriach swoje eksklawy. Fałsz
64%
Stolicą Burkiny Faso jest Wagadugu. Prawda
64%
Tanzania powstała z połączenia dwóch państw. Prawda
62%
Część terytorium Mjanmy leży na Półwyspie Malajskim. Prawda
61%
Wszystkie terytoria zamorskie Francji graniczą łącznie z 3 państwami. Prawda
60%
Serbia ma eksklawę oddzieloną od jej terytorium przez Chorwację. Fałsz
59%
Flaga Belize jako jedyna na świecie przedstawia ludzi. Prawda
59%
Angola posiada eksklawę oddzieloną od jej głównego terytorium przez terytorium Demokratycznej Republiki Konga. Prawda
58%
Korea Północna i Południowa mają we flagach takie same kolory. Fałsz
57%
Wszystkie 4 Gwinee (zwykła, Bissau, Równikowa i Papua-Nowa Gwinea) uzyskały niepodległość od 4 różnych państw. Prawda
57%
Stolica Jemenu jako jedyna na świecie ma w swojej polskiej nazwie znak inny, niż litera alfabetu łacińskiego (lub wywodząca się z niego). Fałsz
56%
Stolicą Burundi jest Gitega. Prawda
56%
Timor Wschodni ma eksklawę oddzieloną od niego przez terytorium Indonezji. Prawda
56%
Ukrainę od Chorwacji oddziela terytorium tylko jednego kraju. Prawda
56%
Nie licząc Azji środkowej, Kaukazu i quasi-państw, Laos jest jedynym śródlądowym krajem Azji. Fałsz
55%
Afganistan graniczy z Chinami. Prawda
54%
Więcej jest państw, których centralnym językiem urzędowym jest arabski, niż hiszpański. Prawda
54%
Armenia nie jest państwem uznawanym przez wszystkich członków ONZ. Prawda
53%
Norwegia posiada terytoria zależne na półkuli południowej. Prawda
51%
Stolicą Belize jest Belize City. Fałsz
50%
W Europie są 3 tzw. quasi-państwa. Fałsz
49%
Zarówno Mauretania, jak i Erytrea mają część swojego terytorium w rejonie Sahelu. Prawda
49%
Sierra Leone było hiszpańską kolonią. Fałsz
47%
Sudan ma tyle samo sąsiadów, co Polska. Prawda
47%
Kostaryka i Korea Północna mają podobne flagi. Prawda
47%
Na fladze Somalilandu znajdują się wszystkie barwy panarabskie. Prawda
47%
Wszystkie kraje, które mają coś napisane na fladze, mają napisaną m.in. swoją dewizę. Fałsz
46%
Na Półwyspie Fennoskandzkim położone są 4 państwa. Prawda
46%
Wybrzeże Kości Słoniowej ma tyle samo sąsiadów, co Irak. Fałsz
45%
Malezja ma na swojej fladze więcej pasów, niż USA. Prawda
45%
Na wszystkich kontynentach znajduje się co najmniej 1 państwo, którego nazwa stolicy zawiera się w nazwie tego państwa lub jest z nim powiązana. Fałsz
44%
Język angielski jest jednym z urzędowych w Republice Cypryjskiej. Fałsz
44%
Nieoficjalna flaga Gwadelupy jako jedyna flaga terytorium zależnego ma kolor czarny. Fałsz
44%
Flaga Bhutanu przedstawia smoka - jest to jedyny przypadek, w którym na fladze danego kraju widnieje stworzenie, które w praktyce nie istnieje. Fałsz
43%
Stany Zjednoczone prowadzą spór terytorialny z Meksykiem. Fałsz
42%
Wszystkie współczesne państwa afrykańskie były kiedykolwiek zależne w jakimś stopniu od państw zewnętrznych. Prawda
42%
Maroko graniczy tylko z innymi państwami Unii Maghrebskiej (zakładając, że Sahara Zachodnia jest częścią Maroka). Fałsz
41%
W Ameryce Północnej jest 8 państw posiadających dwóch sąsiadów. Fałsz
40%
Jest 7 państw wyspiarskich zajmujących tylko wyspy położone w całości na Oceanie Indyjskim Prawda
40%
Istnieje punkt, w którym zbiegają się granice Niemiec, Francji i Belgii. Fałsz
39%
Irak, Jordania, Słowenia, Bośnia i Hercegowina – wszystkie te 4 kraje mają dostęp do morza. Prawda
38%
Flaga Filipin ma swój awers i rewers. Fałsz
37%
Kosowo ma na swojej fladze 5 białych gwiazd. Fałsz
35%
Wszystkie kraje graniczące z Turcją mają język urzędowy używający alfabetu innego, niż łaciński. Fałsz
32%
Midway wchodzi w skład metropolitarnej części USA jako część stanu Hawaje. Fałsz
31%
Singapur ma 3 języki urzędowe. Fałsz
27%
Wszystkie kraje wchodzące w skład dawnej Wielkiej Kolumbii mają na fladze każdy z tych kolorów: czerwony, niebieski oraz żółty. Fałsz
26%
Stolicą Indii jest Delhi. Fałsz
25%
Irlandia Północna jest eksklawą Wielkiej Brytanii. Fałsz
22%
Wyspy Cooka to terytorium zależne Wielkiej Brytanii. Fałsz
22%
Około 200 km na wschód od Nikaragui położone są wyspy będące kolonią europejskiego państwa. Fałsz
19%
Flagi Kataru i Bahrajnu różnią się tylko kolorem i proporcją. Fałsz
19%
Jest 7 państw, które w swojej nazwie mają cząstkę "stan". Fałsz
18%
Nie znaleziono quizów pasujących do podanych kryteriów
Rozkład punktacji
Procent ludzi z każdym wynikiem
Percentyl według liczby udzielonych odpowiedzi
Twoja historia wyników
Nie rozwiązałeś tego quizu od ostatniego zresetowania